Chính sách xã hội Bài giảng dùng cho CĐ CTXH
v.v...
Đã lưu trong:
| Tác giả chính: | |
|---|---|
| Định dạng: | Sách |
| Năm xuất bản: |
Quảng Bình
Đại học Quảng Bình
2008
|
| Chủ đề: | |
| Tags: |
Thêm thẻ
Không có thẻ, Hãy là người đầu tiên gắn thẻ bản ghi này!
|
| LEADER | 00592nam a2200157 4500 | ||
|---|---|---|---|
| 999 | |c 14241 |d 14241 | ||
| 082 | |a 361.61071 |b NG527TH | ||
| 100 | |a Nguyễn Thị Thanh Hà | ||
| 245 | |a Chính sách xã hội |b Bài giảng dùng cho CĐ CTXH |c Nguyễn Thị Thanh Hà | ||
| 260 | |a Quảng Bình |b Đại học Quảng Bình |c 2008 | ||
| 300 | |a 78tr. |c 30cm. | ||
| 520 | |a v.v... | ||
| 653 | |a Công tác xã hội | ||
| 653 | |a Bài giảng | ||
| 942 | |2 ddc |c TC | ||
| 952 | |0 0 |1 0 |2 ddc |4 0 |6 361_610710000000000_NG527TH |7 0 |8 300 |9 111222 |a qbu |b qbu |c D1 |d 2017-07-14 |o 361.61071 NG527TH |p BG309.c1 |r 2017-07-14 |w 2017-07-14 |y TC | ||